000 00407pab a2200157 454500
008 180718b2009 xxu||||| |||| 00| 0 eng d
100 _aMunck, Ronaldo
245 _aGlobalization as the new imperialism (a book review essay)
260 _c2009
300 _ap.380-88.
362 _aSummer
650 _aGlobalization
773 _aReview of Radical Political Economics
908 _aN
909 _a84617
999 _c84617
_d84617